00000000nam 2200000zi 4500
0019.932340
003CaOODSP
00520241120141628
006m     o  d f      
007cr bn|||||||||
008240111e19860327onc     ob   f00| 0|eng d
040 |aCaOODSP|beng|erda|cCaOODSP
043 |an-cn---
0861 |aCo22-662/1986E-PDF
24500|aAlternative rate structures for local telephone service in North America : |bfinal report / |cAudien Projects Limited.
264 1|aOttawa, Ontario : |b[Department of Communications], |cMarch 27, 1986.
300 |a1 online resource (3 volumes (various pagings))
336 |atext|btxt|2rdacontent
337 |acomputer|bc|2rdamedia
338 |aonline resource|bcr|2rdacarrier
500 |aDigitized edition from print [produced by Innovation, Science and Economic Development Canada].
500 |a"CONTRACT NO. 0GR85-00368."
504 |aIncludes bibliographical references.
5050 |a[V.1]. Final report and appendix 1-4 -- [v.2]. Appendix 5. -- [v.3]. Reference tables.
650 0|aTelephone|xRates|zCanada.
650 0|aTelecommunication policy|zCanada.
7101 |aCanada. |bDepartment of Communications, |eissuing body.
77508|tLes différentes structures tarifaires pour le service téléphonique local en Amérique du Nord : |w(CaOODSP)9.945282
85640|qPDF|s1.41 MB|uhttps://publications.gc.ca/collections/collection_2024/isde-ised/co22/Co22-662-1986-1-eng.pdf|z(volume 1)
85640|qPDF|s1.50 MB|uhttps://publications.gc.ca/collections/collection_2024/isde-ised/co22/Co22-662-1986-2-eng.pdf|z(volume 2)
85640|qPDF|s1.18 MB|uhttps://publications.gc.ca/collections/collection_2024/isde-ised/co22/Co22-662-1986-3-eng.pdf|z(volume 3)